Normal view
MARC view
- DR RIZWAN SAEED CHOUDHRY
Entry Corporate Name
001 - CONTROL NUMBER
- control field: 108282
003 - CONTROL NUMBER IDENTIFIER
- control field: NUST
005 - DATE AND TIME OF LATEST TRANSACTION
- control field: 20230131144809.0
008 - FIXED-LENGTH DATA ELEMENTS
- fixed length control field: 230131|| aca||aabn | a|a d
040 ## - CATALOGING SOURCE
- Original cataloging agency: NUST
- Transcribing agency: NUST
110 ## - HEADING--CORPORATE NAME
- Corporate name or jurisdiction name as entry element: DR RIZWAN SAEED CHOUDHRY
670 ## - SOURCE DATA FOUND
- Source citation: Work cat.: (NUST): MUHAMMAD KAMRAN, 98340, TH-SOF-0882-A NUMERICAL AND ECPERIMENTAL INVESTIGATION OF OPEN HOLE COMPRESSION TESTING, 2014.
